[Event "Challenge"]
[Site "http://www.queenalice.com/game.php?id=642544"]
[Date "2009.8.26"]
[Round "-"]
[White "ericfer"]
[Black "Leof"]
[Result "1-0"]
[WhiteElo "1765"]
[BlackElo "1666"]

1. e4 e5 2. Nf3 f6 3. Nc3 d6 4. Bc4 Nh6 5. d4 Bg4 6. dxe5 fxe5 7. Bd5 c6 8. Bc4
b5 9. Bb3 Be7 10. Bxh6 gxh6 11. Nd5 Na6 12. Nxe7 Qxe7 13. Qd2 Qf6 14. Qa5 Nc5
15. Nd2 Nxb3 16. axb3 O-O 17. O-O Be2 18. Qc7 Bxf1 19. Rxf1 Rfc8 20. Qd7 a5 21.
Rd1 Rf8 22. Nf3 d5 23. Qf5 d4 24. Qxf6 Rxf6 25. Nxe5 Rd6 26. Nd3 a4 27. e5 Rd5
28. Nb4 Rxe5 29. Nd3 Rg5 30. bxa4 Rxa4 31. b3 Ra7 32. f4 Rgg7 33. Ne5 c5 34. Nd3
c4 35. bxc4 bxc4 36. Ne5 c3 37. Rxd4 Ra2 38. Rd8# 1-0

[Event "XecaAqui!!"]
[Site "http://www.queenalice.com/game.php?id=643852"]
[Date "2009.8.28"]
[Round "2"]
[White "ericfer"]
[Black "tinogomes"]
[Result "1-0"]
[WhiteElo "1702"]
[BlackElo "1688"]

1. e4 Nc6 2. Nf3 e5 3. Nc3 Nf6 4. Bc4 Na5 5. d3 Nxc4 6. dxc4 Bb4 7. Qd3 Bxc3+ 8.
Qxc3 Nxe4 9. Qxe5+ Qe7 10. Qxg7 Rf8 11. Be3 f5 12. Qxe7+ Kxe7 13. Nd2 f4 14.
Nxe4 fxe3 15. fxe3 d6 16. O-O-O Bg4 17. Rd4 Rad8 18. Nxd6 cxd6 19. Rxg4 d5 20.
Rg7+ Kf6 21. Rxh7 Kg6 22. Rxb7 Rf2 23. Rd1 Kf6 24. cxd5 Ke5 25. Rg7 Kd6 26. e4
Ke5 27. Re7+ Kd6 28. Rxa7 Rc8 29. Ra6+ Ke5 30. Re6+ Kf4 31. Rf6+ Ke3 32. Re1+
Re2 33. Rf3+ Kxe4 34. Rxe2+ Kxd5 35. Rd3+ Kc6 36. Rc3+ Kb7 37. Rxc8 Kxc8 38. Rd2
Kc7 39. g4 Kc6 40. g5 Kc5 41. g6 Kc4 42. g7 Kc5 43. g8=Q Kc6 44. Rd5 Kc7 45. Qe6
Kb7 46. Rd7+ Kc8 47. Qe8# 1-0

[Event "Challenge"]
[Site "http://www.queenalice.com/game.php?id=647568"]
[Date "2009.9.5"]
[Round "-"]
[White "ericfer"]
[Black "tinogomes"]
[Result "1-0"]
[WhiteElo "1760"]
[BlackElo "1636"]

1. e4 d5 2. exd5 Qxd5 3. Nc3 Qe5+ 4. Qe2 Qxe2+ 5. Bxe2 e5 6. Nf3 f6 7. d4 Nc6 8.
Be3 g5 9. Bb5 Bd7 10. Bxc6 Bxc6 11. dxe5 Bxf3 12. gxf3 Bb4 13. Bd2 fxe5 14. Ne4
Bxd2+ 15. Nxd2 O-O-O 16. O-O-O Ne7 17. Ne4 Rxd1+ 18. Rxd1 Nf5 19. Nxg5 Nd4 20.
Nf7 Re8 21. Rd3 h5 22. f4 Ne2+ 23. Kd1 Nxf4 24. Re3 Re7 25. Nxe5 Ng2 26. Rg3 Ne1
27. Rg8+ 1-0

[Event "XecaAqui!!"]
[Site "http://www.queenalice.com/game.php?id=650263"]
[Date "2009.9.10"]
[Round "3"]
[White "jcmlima"]
[Black "ericfer"]
[Result "0-1"]
[WhiteElo "1671"]
[BlackElo "1734"]

1. e4 e5 2. Nf3 Nc6 3. Bb5 Nf6 4. Bxc6 dxc6 5. d3 Bd6 6. Bg5 Be6 7. a3 h6 8.
Bxf6 Qxf6 9. b4 Bg4 10. Nbd2 Bxf3 11. Nxf3 a5 12. c3 axb4 13. cxb4 c5 14. b5 b6
15. O-O O-O 16. Qb3 Qf4 17. Ne1 Rfd8 18. Nc2 Qd2 19. Ne3 Qe2 20. Nd5 Ra7 21. f3
Rda8 22. Ra2 c4 23. dxc4 Bc5+ 24. Ne3 Bxe3+ 25. Qxe3 Qxe3+ 26. Kh1 Rxa3 0-1

[Event "XecaAqui!!"]
[Site "http://www.queenalice.com/game.php?id=660191"]
[Date "2009.9.29"]
[Round "4"]
[White "ericfer"]
[Black "manzan"]
[Result "0-1"]
[WhiteElo "1777"]
[BlackElo "1759"]

1. e4 e5 2. Nf3 Bd6 3. Nc3 c6 4. Bc4 Nf6 5. Ng5 O-O 6. Bxf7+ Rxf7 7. Nxf7 Kxf7
8. d3 h6 9. O-O Bc5 10. Be3 d6 11. Bxc5 dxc5 12. Qc1 Be6 13. f4 Kg8 14. f5 Bf7
15. Rf3 Ng4 16. h3 Qd4+ 17. Kh1 Nf2+ 18. Kh2 c4 19. Qf1 Nxh3 20. Rxh3 Nd7 21. g4
Nf6 22. Qg2 h5 23. gxh5 Nxh5 24. Rg1 Kf8 25. Rxh5 Bxh5 26. Qxg7+ Ke8 27. Qh8+
Kd7 28. Rg7+ Kd6 29. Qh6+ Kc5 30. Na4+ Kb5 31. Rxb7+ Ka5 32. Qxh5 Qf2+ 33. Kh3
Rg8 34. Rxa7+ Qxa7 35. Qg4 Qe3+ 36. Kh4 Rh8+ 37. Qh5 Qf4+ 0-1

[Event "Só quero ver... :P"]
[Site "http://www.queenalice.com/game.php?id=673680"]
[Date "2009.10.28"]
[Round "-"]
[White "ericfer"]
[Black "saruman"]
[Result "1-0"]
[WhiteElo "1780"]
[BlackElo "1415"]

1. e4 d5 2. exd5 Qxd5 3. Nc3 Qe5+ 4. Qe2 Nc6 5. Qxe5 Nxe5 6. Nb5 Kd8 7. Nf3 f6
8. d4 Nc6 9. Bf4 Nb4 10. Bxc7+ Ke8 11. Bd3 a6 12. Nc3 Bd7 13. O-O Rc8 14. Ba5
Nc6 15. Bb6 e5 16. Nd5 Bd6 17. Rfe1 Nge7 18. Nxe7 Bxe7 19. dxe5 Kf7 20. exf6
Bxf6 21. Bc4+ Kg6 22. Rad1 Rhe8 23. Rxd7 Rxe1+ 24. Nxe1 Ne5 25. Bd3+ Nxd3 26.
Rxd3 Re8 27. Nf3 Bh4 28. Nxh4+ Kf6 29. g3 Re2 30. c4 Rxb2 31. Bd4+ 1-0

[Event "Asatim Chess"]
[Site "http://www.queenalice.com/game.php?id=681942"]
[Date "2009.11.12"]
[Round "1"]
[White "jcmlima"]
[Black "ericfer"]
[Result "0-1"]
[WhiteElo "1611"]
[BlackElo "1752"]

1. e4 e5 2. Nf3 Nc6 3. Bb5 Nf6 4. Bxc6 bxc6 5. d3 d6 6. Bg5 Be7 7. Bxf6 Bxf6 8.
O-O Bg4 9. h3 Bxf3 10. Qxf3 O-O 11. c4 c5 12. Nc3 c6 13. a3 a5 14. g4 Rb8 15.
Rab1 Bg5 16. a4 Qb6 17. b3 Qb4 18. Ne2 Qd2 19. Rfd1 Qc2 20. Rdc1 Bxc1 21. Nxc1
Qxb1 22. Qd1 Rfd8 23. Kg2 d5 24. exd5 cxd5 0-1

[Event "Asatim Chess"]
[Site "http://www.queenalice.com/game.php?id=689372"]
[Date "2009.11.27"]
[Round "2"]
[White "manzan"]
[Black "ericfer"]
[Result "0-1"]
[WhiteElo "1759"]
[BlackElo "1781"]

1. e4 e5 2. Nf3 Nc6 3. Bc4 Nf6 4. Nc3 Bc5 5. Qe2 d6 6. h3 Nd4 7. Nxd4 Bxd4 8.
Qf3 Bxc3 9. dxc3 h6 10. Bb5+ Bd7 11. Bxd7+ Qxd7 12. a4 Qc6 13. O-O Qxe4 14. Qxe4
Nxe4 15. Be3 O-O 16. Rfe1 f5 17. g3 f4 18. gxf4 exf4 19. Bd4 Ng5 20. Kh2 Nf3+
21. Kh1 Nxe1 22. Rxe1 c5 23. Bxg7 Kxg7 24. Re7+ Rf7 25. Re6 Rd8 26. h4 d5 27. h5
Kh7 28. f3 Rg8 29. Re5 Rg5 30. Rxg5 hxg5 0-1

[Event "Asatim Chess"]
[Site "http://www.queenalice.com/game.php?id=696600"]
[Date "2009.12.12"]
[Round "3"]
[White "ericfer"]
[Black "tinogomes"]
[Result "1-0"]
[WhiteElo "1798"]
[BlackElo "1609"]

1. e4 e5 2. Nf3 Nc6 3. Nc3 a6 4. Bc4 Nf6 5. Ng5 Qe7 6. Bxf7+ Kd8 7. Bb3 d5 8. d3
Nd4 9. Nxd5 Qd7 10. Nxf6 gxf6 11. Nf7+ Ke8 12. Nxh8 Nxb3 13. axb3 Qg7 14. O-O
Bh3 15. Qh5+ Ke7 16. Qxh3 Qxh8 17. Bh6 Qg8 18. Bxf8+ Kxf8 19. f4 Qg6 20. fxe5
Ke7 21. Rxf6 Qg7 22. Qe6+ Kd8 23. Rf7 Qxf7 24. Qxf7 Rc8 25. e6 c6 26. Qd7# 1-0

[Event "Asatim Chess"]
[Site "http://www.queenalice.com/game.php?id=705685"]
[Date "2009.12.30"]
[Round "4"]
[White "ericfer"]
[Black "pahagon"]
[Result "1-0"]
[WhiteElo "1812"]
[BlackElo "1102"]

1. e4 e5 2. Nf3 Nc6 3. Nc3 Nf6 4. Bc4 Bc5 5. Ng5 d5 6. exd5 Na5 7. d3 Ng4 8.
Nge4 h6 9. Nxc5 b6 10. Bb5+ Ke7 11. Nb3 h5 12. Nxa5 Bd7 13. Nc6+ 1-0

[Event "Challenge"]
[Site "http://www.queenalice.com/game.php?id=718936"]
[Date "2010.1.23"]
[Round "-"]
[White "KillThePoor"]
[Black "ericfer"]
[Result "0-1"]
[WhiteElo "1097"]
[BlackElo "1808"]

1. Nf3 Nc6 2. e3 e5 3. a3 Nf6 4. Bc4 d5 5. Bb3 Bg4 6. d3 Bc5 7. Bd2 e4 8. dxe4
dxe4 9. h3 exf3 10. hxg4 fxg2 11. Rh3 g1=Q+ 12. Ke2 Qxd1+ 13. Kxd1 Nxg4 14. Rg3
Nxf2+ 15. Kc1 Qh4 16. Rxg7 Qh1+ 17. Be1 Qxe1# 0-1

[Event "Dama é + legal"]
[Site "http://www.queenalice.com/game.php?id=725096"]
[Date "2010.2.3"]
[Round "1"]
[White "lucasfais"]
[Black "ericfer"]
[Result "0-1"]
[WhiteElo "1337"]
[BlackElo "1810"]

1. e4 e5 2. Nf3 Nc6 3. Bc4 h6 4. d3 Nf6 5. Nc3 Bc5 6. Bd5 d6 7. Bxf7+ Kxf7 8.
Be3 Bxe3 9. fxe3 Bg4 10. O-O Rf8 11. d4 Kg8 12. d5 Na5 13. b4 Nc4 14. Qe2 Na3
15. h3 Bxf3 16. gxf3 Nh5 17. Qg2 Qg5 18. Qxg5 hxg5 19. Rf2 c6 20. Rd1 a5 21.
dxc6 bxc6 22. bxa5 Nc4 23. Rg2 Nxe3 24. Rxg5 Nxd1 25. Nxd1 Nf4 26. Ne3 Nxh3+ 27.
Kg2 Nxg5 0-1

[Event "Dama é + legal"]
[Site "http://www.queenalice.com/game.php?id=737629"]
[Date "2010.2.25"]
[Round "2"]
[White "ericfer"]
[Black "DKonishi"]
[Result "1-0"]
[WhiteElo "1814"]
[BlackElo "1566"]

1. e4 e5 2. Nf3 Nc6 3. Nc3 Nf6 4. Bc4 Bc5 5. d3 d6 6. Nd5 Ng4 7. O-O h6 8. h3 h5
9. hxg4 hxg4 10. Ng5 f6 11. Nb6 fxg5 12. Nxa8 Qf6 13. Nxc7+ Kd7 14. Nd5 Qh6 15.
Qxg4+ Ke8 16. Qxc8+ Kf7 17. Ne3+ Kg6 18. Qf5+ Kh5 19. Bf7+ 1-0

[Event "Dama é + legal"]
[Site "http://www.queenalice.com/game.php?id=757417"]
[Date "2010.4.7"]
[Round "3"]
[White "rferraz"]
[Black "ericfer"]
[Result "0-1"]
[WhiteElo "1714"]
[BlackElo "1820"]

1. d4 d5 2. c4 Nf6 3. Nf3 e6 4. Nc3 Bb4 5. cxd5 Nxd5 6. e3 Nxc3 7. bxc3 Bxc3+ 8.
Bd2 Bxa1 9. Qxa1 Nc6 10. Bb5 Qd5 11. Bxc6+ bxc6 12. O-O Rb8 13. Rb1 Rxb1+ 14.
Qxb1 O-O 15. e4 Qb5 16. Qc2 Ba6 17. h3 Qf1+ 18. Kh2 Qxf2 0-1

[Event "Dama é + legal"]
[Site "http://www.queenalice.com/game.php?id=774336"]
[Date "2010.5.12"]
[Round "4"]
[White "ericfer"]
[Black "lcameroon"]
[Result "1-0"]
[WhiteElo "1832"]
[BlackElo "1643"]

1. e4 c5 2. Nc3 Nc6 3. Bc4 Nd4 4. d3 d5 5. Bxd5 Nf6 6. Nf3 Nxd5 7. Nxd5 Bg4 8.
Bf4 Rc8 9. c3 Nxf3+ 10. gxf3 Bd7 11. Ne3 e6 12. Nc4 Bc6 13. Qd2 b5 14. Ne5 Bd6
15. Rg1 Qc7 16. d4 f6 17. Nd3 cxd4 18. Bxd6 Qxd6 19. Rxg7 Qxh2 20. Ke2 Rc7 21.
Rxc7 Qxc7 22. Qh6 Qf7 23. Rg1 dxc3 24. Rg7 Qf8 25. bxc3 Bd7 26. Nf4 Rg8 27. Qh5+
Kd8 28. Rf7 Qd6 29. Qxh7 Rg1 30. Nd3 Ra1 31. Qh8+ Kc7 32. Qxf6 Rxa2+ 33. Ke3 b4
34. cxb4 1-0